000 00787nam a22002177a 4500
003 UA-OsUOA
001 99047
007 ta
008 20130423b un ||||| |||| 00| 0 ukr d
100 _aЧернов С.
090 _a355
_bЧ-49
942 _cSA
040 _aUA-OsUOA
_bukr
_cUA-OsUOA
_dUA-OsUOA
245 _a"Реформа місцевого самоврядування - іспит на зрілість, який має скласти українське суспільство"
300 _aС.3-6
955 _a0
041 _aukr
080 _a355
773 0 _w99044
_tМісцеве самоврядування
_dХарків
_d2013
_g4
650 7 _a35 Державно-адміністративне управління. Військова справа
_2UDC
999 _c385265
_d385265